000 01224nam0a2200289 4500
001 RU\NLR\BIBL_A\022039905
005 20260406140334.0
035 _a(NLR Aleph) 022039905
090 _a13317567
_c13317567
100 _a20231003d1973 |||y0rusy50 ca
101 0 _aaze
_crus
102 _aAZ
105 _aa z 000 y
200 1 _aРиjазиjjат
_e3-ҹү синфи үчүн дәрс вәсаити
_fА. C. Пчjолка, М. А. Бантова, М. И. Моро, А. М.Пышкало
205 _a3-ҹү нәшр
210 _aБакы
_cМаариф
_d1973
215 _a222, [1]c.
_cил.
_d21
541 1 _aМатематика
_eучеб. пособ. для 3-го кл.
_zrus
686 1 _aВ1я72
700 1 _4070
_7ca
_8rus
_aПчёлко
_bА. С.
_f1890-1981
_gАлександр Спиридонович
_9215713
_3RU\NLR\AUTH\770215769
701 1 _aБантова
_bМ. А.
_gМария Александовна
_4070
701 1 _4070
_7ca
_8rus
_aМоро
_bМ. И.
_f1926-2018
_gМария Игнатьевна
_9113003
_3RU\NLR\AUTH\772996
701 1 _aПышкало
_bА. М.
_gАнатолий Михайлович
_4070
852 _aNLR
_bОНЛ
_jАзерб./3-9379
942 _cBOOK
980 _aNB